000 00583nam a2200181 a 4500
008 081205s2004 xx |||||||||||||| || u
020 _a0471237582
050 _aTA 545 Mac
100 _aMcCormac, Jack C
245 1 0 _aSurveying. -- 5th ed.
250 _a5th ed.
260 _a
_bJohn Wiley and Sons
_c2004
300 _axvi, 457p.: ill. + 1 CD
350 _a0.00
500 _a1 CD Copy
650 0 _aSURVEYING
995 _D0.00
_FCBU-MAIN LIBRARY (Kitwe)
_H1
_I0.00
_M1
_UOUT
_WJan 30, 2009
_ZMain Library Open Access Collection
999 _c59187
_d59187